00824 2200313 4500001002100000005001500021035002000036007000300056040001700059100002800076245003500104300003100139020002200170041000800192082001000200084001600210090001800226264004400244336002100288337003000309338002300339850001000362008004100372500002900413650001400442990001800456990001800474990001800492INLIS00000000000963520260416013152 a0010-1222000240ta aSBPUPADbind0 aHendrik Lim;ePengarang1 aRehat Dulu Lah /cHendrik Lim, a235 hlm, :bilus. ;c14 cm a978-979-27-1766-2 aind a153.8 a153.8 HEN r a170 JUH a 2-7 aJakarta :bElex Media Komputindo,c2007 2rdacontentateks 2rdamediaatanpa perantara 2rdacarrieravolume aPUPAD260416 0  aTentang Penulis, hlm 234 4aMotivasi, a13270/Br-2010 a13271/Br-2010 a13272/Br-2010